000 00774nam a2200241 a 4500
001 000021676
005 20200930011416.0
008 100909s2000 ve r 000 j spa d
020 _a9800111239
040 _aDO-SdBNP
_bspa
_cBNPHU
082 _aM863.44
_bA318a
100 1 _aÁlamo de la Rosa, Víctor
_945103
245 1 3 _aEl año de la seca /
_cVíctor Álamo de la Rosa; prólogo, José Saramago.
260 _aCaracas :
_bMonte Ávila Editores Latinoamericano,
_c2000.
300 _a163 p. ;
_c20 cm.
490 1 _aContinentes
500 _aIncluye nota del autor y notas bibliográficas
650 4 _aNovela mexicana
_93959
650 4 _aLiteratura mexicana
_91922
700 1 _aSaramago, José
_epról.
_945104
830 0 _aContinentes
_95341
049 _aBNGR
999 _c21175
_d21175